Statistics for Quartiers of Monaco

Click here to take the quiz!

General Stats

  • This quiz has been taken 21 times
  • The average score is 2 of 5

Answer Stats

Answer% Correct
Monte Carlo
94%
Monaco-Ville
39%
La Condamine
28%
Fontvieille
11%
Moneghetti
11%

Score Distribution

Percentile by Number Answered

Percent of People with Each Score

Your Score History

You have not taken this quiz